[Event "NED-chT 2223"]
[Site "Netherlands"]
[Date "2023.04.01"]
[Round "8.7"]
[White "Breukelman, Jan"]
[Black "De Wit, Cor"]
[Result "1-0"]
[WhiteElo "2426"]
[BlackElo "2017"]
[PlyCount "61"]
[EventDate "2022.09.17"]
[EventType "team-tourn"]
[EventRounds "9"]
[EventCountry "NED"]
[SourceTitle "EXT 2024"]
[Source "ChessBase"]
[SourceDate "2023.10.10"]
[SourceVersion "1"]
[SourceVersionDate "2023.10.10"]
[SourceQuality "1"]
[WhiteTeam "Paul Keres"]
[BlackTeam "Charlois Europoort"]
[WhiteTeamCountry "NED"]
[BlackTeamCountry "NED"]

1. Nf3 Nc6 2. d4 d5 3. c4 e6 4. Nc3 Nf6 5. Bg5 Be7 6. e3 h6 7. Bh4 a6 8. Rc1 0-0 9. a3 dxc4 10. Bxc4 Bd7 11. 0-0 Rc8 12. Qe2 Nd5 13. Bg3 Nxc3 14. Rxc3 Bd6 15. e4 Bxg3 16. hxg3 Qe7 17. e5 Na7 18. Rfc1 Bb5 19. Qe3 Bxc4 20. Rxc4 c6 21. g4 Nb5 22. g5 h5 23. Nd2 Nc7 24. Ne4 Nd5 25. Qh3 g6 26. g4 Kg7 27. gxh5 gxh5 28. Qxh5 Rh8 29. Qg4 Kf8 30. Nf6 Nxf6 31. gxf6 1-0

[Event "NED-chT 1516"]
[Site "Netherlands"]
[Date "2015.11.07"]
[Round "3.3"]
[White "Bluebaum, Matthias"]
[Black "De Wit, Cor"]
[Result "1-0"]
[WhiteElo "2580"]
[BlackElo "2016"]
[PlyCount "95"]
[EventDate "2015.09.26"]
[EventType "team-tourn"]
[EventRounds "9"]
[EventCountry "NED"]
[SourceTitle "EXT 2017"]
[Source "ChessBase"]
[SourceDate "2016.10.25"]
[SourceVersion "1"]
[SourceVersionDate "2016.10.25"]
[SourceQuality "1"]
[WhiteTeam "SISSA"]
[BlackTeam "Charlois Europoort"]
[WhiteTeamCountry "NED"]
[BlackTeamCountry "NED"]

1. d4 Nf6 2. c4 e6 3. Nf3 Bb4+ 4. Nbd2 Ne4 5. a3 Nxd2 6. Bxd2 Bxd2+ 7. Qxd2 f5 8. Qc2 d5 9. g3 0-0 10. Bg2 c6 11. 0-0 Nd7 12. Rac1 Qe7 13. b4 Kh8 14. Qb2 Nb6 15. Ne5 Nxc4 16. Nxc4 dxc4 17. Rxc4 Bd7 18. Rc5 a6 19. f4 Qd6 20. e3 h6 21. Re1 Rad8 22. Re5 Bc8 23. a4 Kg8 24. Rc1 Kh8 25. Rc3 Kg8 26. b5 cxb5 27. axb5 Bd7 28. b6 Bb5 29. Qb3 Rde8 30. Bxb7 Qxb6 31. Bc6 Qa5 32. Bxb5 axb5 33. Rxb5 Qa1+ 34. Kg2 Ra8 35. Rc2 Qd1 36. Qxe6+ Kh8 37. Rf2 Ra1 38. Rxf5 Rxf5 39. Qc8+ Kh7 40. Qxf5+ Kg8 41. Qc8+ Kf7 42. Qc4+ Kf8 43. Rb2 Qh1+ 44. Kh3 Ra8 45. Rb5 g6 46. Qc5+ Kg7 47. Qe7+ Kg8 48. Rb7 1-0

[Event "Rotterdam Triomfator op 1st"]
[Site "Rotterdam"]
[Date "2002.06.15"]
[Round "1"]
[White "De Wit, Cor"]
[Black "Van der Stricht, Geert"]
[Result "1/2-1/2"]
[WhiteElo "2024"]
[BlackElo "2404"]
[PlyCount "106"]
[EventDate "2002.06.14"]
[EventType "swiss"]
[EventRounds "6"]
[EventCountry "NED"]
[SourceTitle "CBM 088 Extra"]
[Source "ChessBase"]
[SourceDate "2002.07.01"]
[SourceVersion "2"]
[SourceVersionDate "2002.07.01"]
[SourceQuality "1"]

1. e4 c5 2. c3 Nf6 3. e5 Nd5 4. d4 cxd4 5. Nf3 e6 6. cxd4 d6 7. Be2 Bd7 8. 0-0 Bc6 9. Nc3 Nxc3 10. bxc3 Nd7 11. c4 d5 12. c5 Be7 13. Bf4 b6 14. cxb6 Nxb6 15. Rc1 Qd7 16. Qc2 Bb5 17. Bxb5 Qxb5 18. Qc7 Qd7 19. Rc2 Rc8 20. Qxd7+ Kxd7 21. Rfc1 Nc4 22. Nd2 Ba3 23. Rd1 Nb2 24. Rdc1 Nc4 25. Rd1 Nb6 26. Rxc8 Rxc8 27. Nb3 Na4 28. Kf1 Nc3 29. Rd2 Nb5 30. Rd1 Rc2 31. Rd2 Rc4 32. Be3 Bb4 33. Rd3 Ba3 34. Rd2 Kc7 35. g4 Bb4 36. Rd3 Bc3 37. Nd2 Bxd2 38. Rxd2 Ra4 39. h4 Kd7 40. Kg2 Kc6 41. h5 Kb6 42. Rb2 Kc6 43. Rd2 Rc4 44. h6 gxh6 45. Kg3 h5 46. gxh5 Kd7 47. Kf4 Nc3 48. Rb2 Rc7 49. Kg5 Ke7 50. Kh6 f6 51. Kxh7 Kf7 52. Rb8 Ne4 53. Rg8 Rc2 1/2-1/2